000 00546 a2200169 4500
020 _a0-87930-604-1
040 _aDLC
_bDLC
082 _a004.16
100 1 _aLabrosse, Jean J.
245 0 0 _aEmbedded systems building blocks: complete and ready-to-use modules in C
_bcomplete and ready-to-use modules in C
_cJean J. Labrosse
250 _a2. ed.
260 _aLawrence, Kan. :
_bR&D,
_ccop. 2000
300 _axxii, 611 s. :
_bill.
650 7 _aEmbedded computer systems
650 7 _aC (Computer program language)
942 _cBK
_k004.16 LAB
_2ddc
999 _c9483
_d9483